Chi ha vissuto di più? - Statistics

Statistiche generali
  • Questo quiz è stato fatto 41 volte
    16 dall'ultimo reset
  • Il punteggio medio è 6 su 15
Statistiche sulle risposte
Domanda Risposta % Corretto
Quale tra questi conduttori televisivi è vissuto di più? Pippo Baudo
93%
Quale tra questi presidenti della repubblica italiana ha vissuto di più? Giorgio Napolitano
87%
Quale tra questi attori italiani ha vissuto di più? Alberto Sordi
67%
Quale tra questi presidenti del consiglio ha vissuto di più? Giulio Andreotti
67%
Quale tra questi romanzieri italiani ha vissuto di più? Umberto Eco
67%
Quale tra questi imperi è sopravvissuto per più tempo? Impero Ottomano
60%
Chi ha vissuto di più tra questi dittatori protagonisti della Seconda Guerra Mondiale? Niklas Horthy
53%
Chi ha vissuto di più tra questi papi? Benedetto XVI
47%
Quale tra questi poeti ha vissuto di più? Francesco Petrarca
27%
Quali tra questi frontman ha vissuto di più? Freddie Mercury
20%
Chi ha vissuto di più tra questi imperatori romani? Tiberio
20%
Quale tra questi filosofi ha vissuto di più? Immanuel Kant
13%
Quale tra questi presidenti dell'Unione Sovietica è vissuto di più? Nikita Krusciov
13%
Quale tra questi monarchi inglesi ha vissuto di più? Giorgio III
7%
Quale tra questi presidenti degli Usa ha vissuto di più? Harry Truman
7%
Nessun quiz corrispondente trovato
Distribuzione punteggi
Percentuale di utenti per punteggio
Percentile per numero di risposta
I tuoi punteggi nel tempo
Non hai fatto questo quiz dall'ultimo reset